000 01027cam a22002894a 4500
001 14471585
005 20170105102347.0
008 060728s2007 gw a 001 0 eng
010 _a 2006931795
_z 2008459633
020 _a9783540306979 (acidfree paper)
020 _a3540307176 (acidfree paper)
040 _aDLC
_cDLC
_dDLC
050 0 0 _aT57.74
_b.M374 2007
082 0 0 _a519.72
_222
100 1 _aMatoušek, Jiří,
_d1963-
245 1 0 _aUnderstanding and using linear programming
_cJiri Matousek, Bernd Gartner.
260 _aBerlin ;
_aNew York :
_bSpringer,
_cc2007.
300 _aviii, 222 p. :
_bill. ;
_c24 cm.
490 0 _aUniversitext
500 _aIncludes index.
650 0 _aLinear programming.
700 1 _aGärtner, Bernd.
856 4 1 _3Table of contents only
_uhttp://www.loc.gov/catdir/toc/fy1002/2006931795.html
906 _a7
_bcbc
_corignew
_d2
_eepcn
_f20
_gy-gencatlg
942 _2ddc
_cBK
999 _c11754
_d11754